=LDR 00000nam 2200000 4500 =001 INLIS000000000014364 =005 20130612105637 =008 ***********************************Ind** =035 ##$$0010-061300000014364 =041 ##$$a Ind =082 ##$$a 813 =090 ##$$a 813, her c =100 ##$$a Heraty, Toeti =245 ##$$a calon arang, Kisah perempuan korban patriarki, Toeti Heraty =260 ##$$a 2000 $b Jakarta =300 ##$$a 6axv, 80 hlm, Il6c20 cm =650 ##$$a Fiksi Indonesia =850 ##$$a NBPNMAT =990 ##$$a 0001/BPAP-NTB/2015